00402nam a2200157Ia 450000500170000000800410001704000190005804100120007708200160008910000180010524500290012326000270015230000150017950400400019485000100023420230506101430.0131103s9999 xx 000 0 und d aLoreto College aEnglish a823.91bCON aConrad,Joseph 2aA set sixcJoseph Conrad aLondonbJ.M.Dentc1961 axi,291 p.  aIncludes bibliographical references aLCLIB